| 000 | 00456 a2200157 4500 | ||
|---|---|---|---|
| 003 | OSt | ||
| 005 | 20180116182716.0 | ||
| 008 | 160518b xxu||||| |||| 00| 0 eng d | ||
| 040 | _c0 | ||
| 100 | _aMirza Muhammad yousaf. | ||
| 245 |
_aA One Text Book of Pakistan Studies. _cMirza Muhammad yousaf. |
||
| 260 |
_aA-ONE Publication Lahore _c1972. |
||
| 600 | _aMirza Muhammad yousaf. | ||
| 700 | _aMirza Muhammad yousaf. | ||
| 942 |
_aNBS _cBK _k954.91 YOU _2ddc |
||
| 999 |
_c344543 _d344543 |
||